Co, jak a proč učíme na počítačích.
Vývoj výučby informatiky na VŠE v Prahe. Získavanie poznatkov z bibliografických a dokumentačných báz VTEI. Spracovanie parametrov technickoekonomickej úrovne výrobkov, ukazovateľov a iných faktov. Základy znalostného inžinierstva. Systém DELTA a systém Ámos.
Enregistré dans:
| Auteur principal: | |
|---|---|
| Format: | Chapitre de livre |
| Langue: | tchèque |
| Sujets: | |
| Tags: |
Pas de tags, Soyez le premier à ajouter un tag!
|
MARC
| LEADER | 00000naa a2200000 4500 | ||
|---|---|---|---|
| 001 | r003302 | ||
| 005 | 20240312081151.3 | ||
| 041 | 0 | |a cze | |
| 044 | |a CZ | ||
| 245 | 1 | 0 | |a Co, jak a proč učíme na počítačích. |c S. Jireš |
| 520 | |a Vývoj výučby informatiky na VŠE v Prahe. Získavanie poznatkov z bibliografických a dokumentačných báz VTEI. Spracovanie parametrov technickoekonomickej úrovne výrobkov, ukazovateľov a iných faktov. Základy znalostného inžinierstva. Systém DELTA a systém Ámos. | ||
| 610 | 2 | 0 | |a informatika |
| 610 | 2 | 0 | |a vyučovanie |
| 610 | 2 | 0 | |a Vysoká škola ekonomická v Prahe |
| 610 | 2 | 0 | |a báza dát |
| 610 | 2 | 0 | |a dokumentácia |
| 610 | 2 | 0 | |a úroveň výrobkov technická |
| 610 | 2 | 0 | |a inžinierstvo znalostné |
| 610 | 2 | 0 | |a počítače |
| 100 | 1 | |a Jireš, S. | |